00720nam a2200217Ia 4500003000400000005001700004008004100021040000700062041000800069082002200077100003300099245006200132250000600194260004500200300001300245365001400258906006500272942001200337999001900349952013400368OSt20230511094049.0210423s2001 xx 000 0 und d cAL aeng a615.19 223bKLAC aKLAASSEN (Curtis D).9102177 aCasarett and Doulls toxicology: basic science of poisons. a6 aNew DelhibOxford University Pressc2001 axix,1236 b2399cINR abasic ; Casarett ; Doulls ; poisons. ; science ; Toxicology: 2ddccBK c164116d164116 001040708BIOCaSACPGbSACPGd2009-10-08eAthulya Booksg2399.00l0o615.19 KLACpPG010614r2022-08-24 00:00:00w2021-04-26yBK